Big Cat Species of the World - Statistics

General Stats
  • This quiz has been taken 40 times
  • The average score is 6 of 7
Answer Stats
Picture Hint Answer % Correct
40.000 individuals Lion
100%
3000 individuals Tiger
100%
720.000 individuals Leopard
97%
3000 individuals Snow leopard
91%
60.000 individuals Jaguar
84%
Data deficient Clouded leopard
50%
Insular form of the left one / 4500 individuals Sunda clouded leopard
34%
No matching quizzes found
Score Distribution
Percent of People with Each Score
Percentile by Number Answered
Your Score History
You have not taken this quiz